| 000 | 00388cam a22001097a 4500 | ||
|---|---|---|---|
| 008 | 180718b2002 xxu||||| |||| 00| 0 eng d | ||
| 100 | _aTrivedi, Parvin K. | ||
| 245 |
_aPatterns of health care utilization in Vietnam: analysis of 1997-98 VLSS data _cby Parvin K. Trivedi |
||
| 260 |
_aWashington, D.C. _bWorld Bank _c2002 |
||
| 300 | _a55p. | ||
| 440 | _aPolicy research working paper, no. 2775 | ||
| 999 |
_c287982 _d287982 |
||